| 000 | 00000nam##2200000za#4500 |
| 001 | 9.639334 |
| 003 | CaOODSP |
| 005 | 20250910142445 |
| 007 | cr ||||||||||| |
| 008 | 150407|2005||||xxc|||||o f|0| 0 fre|d |
| 040 | |aCaOODSP|bfre |
| 043 | |an-cn--- |
| 086 | 1 |aD2-172/2005F-PDF |
| 110 | 1 |aCanada. |bMinistère de la défense nationale. |
| 245 | 10|aCrise à Zefra / |h[ressource électronique]|c[par] Karl Schroeder; Direction des concepts stratégiques (opérations terrestres). |
| 260 | |aKingston - Ontario : |bDéfense nationale |c2005. |
| 300 | |a188p.|bglossaire, ill., index |
| 500 | |aLe n° de catalogue (D2-172/2005F) et l'ISBN (0-662-74240-0) de l'édition imprimée ont été incorrectement copiés dans la version PDF. |
| 504 | |aBibliographie. |
| 590 | |a12-30-Supp|b2012-06-28 |
| 720 | 1 |aSchroeder, Karl |
| 775 | 08|tCrisis in Zefra / |w(CaOODSP)9.695189 |
| 856 | 40|ahttp://publications.gc.ca|qPDF|s1523 Ko|uhttps://publications.gc.ca/collections/collection_2011/dn-nd/D2-172-2005-fra.pdf |
| 986 | |aIDDN : B-GL-007-000/AF-001 |